EA FC24 Bundesliga TOTS - Statistics

General Stats
  • This quiz has been taken 50 times
  • The average score is 23 of 29
Answer Stats
Rate Club Nation Answer % Correct
97 Bayern England Harry Kane
100%
96 Leverkusen Germany Florian Wirtz
98%
94 Dortmund Switzerland Gregor Kobel
98%
94 Bayern Canada Alphonso Davies
96%
95 Bayern Germany Jamal Musiala
96%
97 Leverkusen Netherlands Jeremie Frimpong
96%
92 Leverkusen Switzerland Granit Xhaka
91%
95 Leverkusen Spain Grimaldo
89%
93 Bayern France Kingsley Coman
85%
92 Stuttgart Guinea Serhou Guirassy
85%
94 Dortmund England Jadon Sancho
83%
93 Bayern Germany Leroy Sane
83%
93 Leipzig Belgium Lois Openda
83%
91 Leverkusen Burkina Faso Edmond Tapsoba
81%
94 Leverkusen Germany Jonathan Tah
81%
93 Leverkusen Nigeria Victor Boniface
81%
93 Leipzig Netherlands Xavi Simons
81%
94 Bayern France Dayot Upamecano
79%
95 Dortmund Germany Marco Reus
77%
92 Leverkusen Argentina Ezequiel Palacios
74%
93 Dortmund Germany Nico Schlotterbeck
74%
90 Leverkusen Ecuador Piero Hincapie
74%
91 Dortmund Netherlands Donyell Malen
72%
95 Bayern Germany Leon Goretzka
72%
90 Dortmund Germany Karim Adeyemi
57%
90 Leipzig France Mohammed Simakan
45%
90 Stuttgart Germany Waldemar Anton
43%
89 Hoffenheim Germany Maximilian Beier
40%
90 Heidenheim Germany Jan-Niklas Beste
36%
No matching quizzes found
Score Distribution
Percent of People with Each Score
Percentile by Number Answered
Your Score History
You have not taken this quiz